| 000 | 00701nam a22002537a 4500 | ||
|---|---|---|---|
| 003 | UA-OsUOA | ||
| 001 | 31346 | ||
| 007 | ta | ||
| 008 | 20041213b un ||||| |||| 00| 0 ukr d | ||
| 100 | _aСливоцький А. | ||
| 090 |
_a330.33.012 _bС47 |
||
| 942 | _cBK | ||
| 040 |
_aUA-OsUOA _bukr _cUA-OsUOA _dUA-OsUOA |
||
| 245 | _aМіграція капіталу: Як у замислах на кілька кроків випередити своїх конкурентів | ||
| 300 | _a296 с. | ||
| 955 | _a0 | ||
| 041 | _aukr | ||
| 080 | _a330.33.012 | ||
| 020 | _a966-7671-17-8 | ||
| 260 |
_aКиїв _b"Пульсари" _c2001 |
||
| 044 | _aUA | ||
| 650 | 7 | _2UDC | |
| 999 |
_c317769 _d317769 |
||